Classement Biathlon (Hommes) 2024/2025 - Statistiques

Statistiques générales
  • Ce quiz a été pris 630 fois
    435 depuis la dernière actualisation
  • Le résultat moyen est 11 sur 15
Statistiques - réponses
Classement Pays Athlète % Correct
3ème France Eric Perrot
99%
2ème Norvège Johannes Boe
98%
5ème France Quentin Fillon Maillet
98%
7ème France Emilien Jacquelin
97%
8ème Norvège Tarjei Boe
96%
4ème Suède Sebastian Samuelsson
95%
12ème France Fabien Claude
88%
6ème Italie Tommaso Giacomel
86%
1er Norvège Sturla Holm Laegreid
85%
10ème Slovénie Jakuv Fak
71%
15ème Suède Martin Ponsiluoma
71%
11ème Norvège Martin Uldal
50%
14ème Allemagne Philipp Nawrath
50%
9ème Norvège Vebjorn Soerum
33%
13ème Norvège Endre Stromsheim
27%
Aucun quiz correspondant
Distribution des résultats
% des personnes avec chaque résultat
Percentile par nombre de réponses
Votre historique - résultats
Vous n’avez pas pris ce quiz depuis la dernière actualisation